Normal view
MARC view
- Irving H. Shames
Entry Personal Name
001 - CONTROL NUMBER
- control field: 26227
003 - CONTROL NUMBER IDENTIFIER
- control field: NUST
005 - DATE AND TIME OF LATEST TRANSACTION
- control field: 20191126123803.0
008 - FIXED-LENGTH DATA ELEMENTS
- fixed length control field: 191126|| aca||aabn | a|a d
040 ## - CATALOGING SOURCE
- Original cataloging agency: NUST
- Transcribing agency: NUST
100 ## - HEADING--PERSONAL NAME
- Personal name: Irving H. Shames
670 ## - SOURCE DATA FOUND
- Source citation: Work cat.: (NUST)424938: Irving H. Shames , Elastic and Inelastic Stress Analysis , 1997
